000 00564cam a2200217ua 4500
001 6794
005 20260515114115.0
008 140311n ii |||gr||||Z||||||eng
020 _a0-07-060602-1
040 _cMAIN
082 _a512
245 _aElementary algebra
_cBy Barnett Rich
250 _a3rd ed.
260 _aNew delhi:
_bTata McGraw-hill publishing company limited,
_c2005.
300 _axi,354p.
653 _aAlgebra
653 _aElementary algebra
700 _aRich,Barnett,
_eAuthor.,
700 _aSchmidt,Philip A.,
_eAuthor.
942 _cBK
999 _c5937
_d5937